Music Quiz

Random Music or Lyrics Quiz

Song Receipts Quiz Stats

 Plays Quiz Updated Jan 6, 2019

     
Support Sporcle.
Go Orange.
Score 0/10 Timer 05:00
0 Plays Today
% Correct
Bohemian Rhapsody
96%
Jailhouse Rock
84.2%
Let It Be
81.4%
Sweet Dreams (Are Made of This)
73.7%
The Sound of Silence
70.9%
Space Oddity
65.2%
What a Wonderful World
64.4%
We Didn't Start the Fire
58.3%
Cat's in the Cradle
53.1%
You Belong With Me
39.7%

From the Vault

Images for Every Subcategory: Literature

by El_Dandy

We're not trying to turn these books into picture books, but we suppose the association is valid.
Remove Ads.
Support Sporcle.
Get the best of Sporcle when you Go Orange. This ad-free experience offers more features, more stats, and more fun while also helping to support Sporcle. Thank you for becoming a member.

Show Comments

Extras

Top Quizzes Today


Score Distribution

Your Account Isn't Verified!

In order to create a playlist on Sporcle, you need to verify the email address you used during registration. Go to your Sporcle Settings to finish the process.

Report this User

Report this user for behavior that violates our Community Guidelines.

Details: